Pentium Microprocessor (Record no. 322918)

MARC details
000 -LEADER
fixed length control field 00433nam a2200169Ia 4500
008 - FIXED-LENGTH DATA ELEMENTS--GENERAL INFORMATION
fixed length control field 230718s9999 xx 000 0 und d
020 ## - INTERNATIONAL STANDARD BOOK NUMBER
International Standard Book Number 9788177582765
041 ## - LANGUAGE CODE
Language code of text/sound track or separate title eng
082 ## - DEWEY DECIMAL CLASSIFICATION NUMBER
Classification number 004.16
Item number ANT
100 ## - MAIN ENTRY--PERSONAL NAME
Personal name Antonakos J.L.
245 ## - TITLE STATEMENT
Title Pentium Microprocessor
260 ## - PUBLICATION, DISTRIBUTION, ETC. (IMPRINT)
Date of publication, distribution, etc. 2006
Name of publisher, distributor, etc. Pearson
300 ## - PHYSICAL DESCRIPTION
Extent 555
365 ## - TRADE PRICE
Currency code Rs.
Price amount 425.00
700 ## - ADDED ENTRY--PERSONAL NAME
Personal name Antonakos J.L.
906 ## - LOCAL DATA ELEMENT F, LDF (RLIN)
d O:0033612-Oct-2009B:50310-Oct-2009
c ETC
b 531.25
Holdings
Withdrawn status Lost status Damaged status Not for loan Home library Current library Date acquired Vendor Budget Code Cost, normal purchase price Bill number Total Checkouts Full call number Barcode Date last seen Date last checked out Discount Cost, replacement price Bill Date Koha item type Original Barcode
        Cummins College of Engineering for Women Pune Cummins College of Engineering for Women Pune 14/10/2009 Pradeep Book Distributors ETC 318.75 503 14 004.16 CCEP-BK-34125 30/05/2025 14/05/2025 531.25 425.00 10/10/2009 Books 034125